[Event "Sao Paulo op"]
[Site "Sao Paulo"]
[Date "2023.06.25"]
[Round "5"]
[White "Ohara, Matheus Kendi"]
[Black "Lelis, Lucas Porto"]
[Result "0-1"]
[WhiteElo "1790"]
[BlackElo "1815"]
[PlyCount "104"]
[EventDate "2023.06.23"]
[EventType "swiss"]
[EventRounds "6"]
[EventCountry "BRA"]
[SourceTitle "CBM 214 Extra"]
[Source "ChessBase"]
[SourceDate "2023.07.31"]
[SourceVersion "1"]
[SourceVersionDate "2023.07.31"]
[SourceQuality "1"]

1. e4 e5 2. Nf3 Nc6 3. Bc4 Bc5 4. Nc3 Nf6 5. d3 h6 6. 0-0 d6 7. Na4 Bb6 8. a3 0-0 9. h3 Be6 10. Bxe6 fxe6 11. Re1 Qe8 12. c3 Nh5 13. b4 Nf4 14. Bxf4 Rxf4 15. Ra2 Qg6 16. Kf1 Raf8 17. Nxb6 axb6 18. Re3 Ne7 19. Rae2 Qf6 20. Qd2 d5 21. Nh2 d4 22. Rf3 Ng6 23. Rg3 dxc3 24. Qc2 Rxf2+ 25. Kg1 Rxe2 26. Qxe2 Qf2+ 27. Qxf2 Rxf2 28. Re3 c2 29. Re1 Nf4 30. Kxf2 Nxd3+ 31. Ke2 Nxe1 32. Kd2 Nxg2 33. Kxc2 b5 34. Nf3 Ne3+ 35. Kb3 Nc4 36. a4 c6 37. a5 Kf7 38. Kc3 Kf6 39. Ne1 Nd6 40. Kd3 Kg5 41. Ke3 Nc4+ 42. Kf3 Nb2 43. Kg3 h5 44. Nf3+ Kf6 45. Ne1 g5 46. Kf3 Ke7 47. Ke3 Kd6 48. Nf3 g4 49. hxg4 hxg4 50. Ng5 g3 51. Nf7+ Ke7 52. Ng5 g2 0-1

[Event "Araraquara op"]
[Site "Araraquara"]
[Date "2023.02.19"]
[Round "1.34"]
[White "Lelis, Lucas Porto"]
[Black "Santos, Emanuel Valentin"]
[Result "0-1"]
[WhiteElo "1800"]
[BlackElo "1856"]
[PlyCount "40"]
[EventDate "2023.02.19"]
[EventType "swiss"]
[EventRounds "6"]
[EventCountry "BRA"]
[SourceTitle "CBM 213 Extra"]
[Source "ChessBase"]
[SourceDate "2023.05.31"]
[SourceVersion "1"]
[SourceVersionDate "2023.05.31"]
[SourceQuality "1"]

1. e4 c5 2. Be2 Nc6 3. d3 g6 4. f4 Bg7 5. Nf3 d6 6. 0-0 e6 7. c3 Nge7 8. Be3 0-0 9. d4 cxd4 10. cxd4 d5 11. e5 f6 12. Na3 fxe5 13. fxe5 Nf5 14. Bf2 Qb6 15. Rb1 Bd7 16. g4 Nfe7 17. Qd2 Qb4 18. Nb5 Rxf3 19. Qxb4 Nxb4 20. a3 Bxb5 0-1